[Event "Resolution ch-VIE 2014"]
[Site "Bac Giang VIE"]
[Date "2014.12.05"]
[Round "1.1"]
[White "Nguyen Ngoc Truong Son"]
[Black "Nguyen Van Thanh"]
[Result "1-0"]
[WhiteElo "2659"]
[BlackElo "2180"]

1.d4 d5 2.c4 dxc4 3.e4 Nf6 4.e5 Nd5 5.Bxc4 Nb6 6.Bd3 Nc6 7.Ne2 Nb4 8.Be4 f5
9.exf6 exf6 10.Nbc3 N4d5 11.O-O Be6 12.Nf4 Nxf4 13.Bxf4 c6 14.Re1 Kf7 15.Qh5+ Kg8
16.Rad1 Qd7 17.d5 cxd5 18.Nxd5 Nxd5 19.Bxd5 Bxd5 20.Rxd5 Qf7 21.Qxf7+ Kxf7
22.h4 h5 23.Rd7+ Kg6 24.Rxb7 Bc5 25.b4 Bb6 26.Ree7 Rhe8 27.Rxg7+ Kf5 28.Be3 Bxe3
29.fxe3 Rxe3 30.Rxa7 Ra3 31.Rxa8 Rxa8 32.Rg3 Rxa2 33.Rb3 Kg4 34.b5 Kxh4 35.b6 Ra8
36.b7 Rb8 37.Kf2 Kg4 38.Rb4+ Kf5 39.Kg3  1-0

[Event "6th Penang Open 2014"]
[Site "Penang MAS"]
[Date "2014.12.10"]
[Round "4.27"]
[White "Tang,Wei Kit"]
[Black "Tan Khai Boon"]
[Result "0-1"]
[WhiteElo "1719"]
[BlackElo "2144"]

1.d4 d5 2.c4 dxc4 3.e4 e5 4.d5 Nf6 5.Nc3 c6 6.Bxc4 Bb4 7.f3 O-O 8.Be3 b5
9.Bb3 cxd5 10.exd5 Bb7 11.Bg5 Nbd7 12.Ne2 Qb6 13.Kf1 Rad8 14.Qd3 Bxc3 15.Nxc3 Nc5
16.Qe2 b4 17.Ne4 Nxb3 18.axb3 Rxd5 19.Be3 Qd8 20.Bxa7 Nxe4 21.fxe4 Rd2 22.Qc4 Qg5
23.Rg1 Rfd8 24.g3 Qg4 25.Bf2 Rd1+ 26.Rxd1 Rxd1+ 27.Kg2 Bxe4+  0-1

[Event "SportAccord Blitz 2014"]
[Site "Beijing CHN"]
[Date "2014.12.13"]
[Round "1.1"]
[White "Gelfand,B"]
[Black "Harikrishna,P"]
[Result "0-1"]
[WhiteElo "2743"]
[BlackElo "2727"]

1.d4 d5 2.c4 dxc4 3.e4 Nf6 4.e5 Nd5 5.Bxc4 Nb6 6.Bd3 Nc6 7.Ne2 Bg4 8.f3 Bh5
9.Nbc3 e6 10.Be3 Bg6 11.Be4 Bxe4 12.fxe4 Be7 13.O-O O-O 14.Kh1 Bg5 15.Bg1 Nc4
16.Rf3 Qe7 17.b3 Nb6 18.Qe1 f6 19.exf6 Rxf6 20.Qg3 Rxf3 21.gxf3 Rf8 22.f4 Bh6
23.Rf1 g6 24.Qg4 Bg7 25.Be3 Nd7 26.Qg2 Nb6 27.Qg4 Rd8 28.e5 Nb4 29.h4 N4d5
30.Bg1 Qf7 31.Ne4 Nd7 32.Ng5 Qf5 33.Qxf5 exf5 34.Rc1 c6 35.Kg2 Nf8 36.Kf3 Bh6
37.Nc3 Bxg5 38.hxg5 Ne6 39.Nxd5 Rxd5 40.Rc4 Kg7 41.Be3 h6 42.gxh6+ Kxh6 43.b4 Kg7
44.a4 a6 45.Ke2 g5 46.fxg5 f4 47.Bf2 Kg6 48.Kd3 Nxg5 49.Rc1 Kf5 50.Rh1 Nf3
51.Rh7 Nxe5+ 52.Ke2 Nd7 53.Kf3 Ke6 54.Kxf4 Rf5+ 55.Ke3 Nf6 56.Ke2 Nxh7  0-1

[Event "SportAccord Blitz 2014"]
[Site "Beijing CHN"]
[Date "2014.12.13"]
[Round "9.6"]
[White "Bacrot,E"]
[Black "Harikrishna,P"]
[Result "1-0"]
[WhiteElo "2718"]
[BlackElo "2727"]

1.d4 d5 2.c4 dxc4 3.e4 Nf6 4.e5 Nd5 5.Bxc4 Nb6 6.Bd3 Nc6 7.Ne2 Bg4 8.f3 Bh5
9.Nbc3 e6 10.Be3 Bg6 11.Be4 Bxe4 12.fxe4 Be7 13.O-O Bg5 14.Bf2 O-O 15.Kh1 Nc4
16.Qc2 Be3 17.Nb5 Bxf2 18.Rxf2 a6 19.Nxc7 Ne3 20.Qc3 Ng4 21.Rf4 Rc8 22.Rxg4 Rxc7
23.Qe3 Rd7 24.Rf1 Nxd4 25.Nxd4 Rxd4 26.Qh6 g6 27.Rh4 Qxh4 28.Qxh4 Rfd8 29.h3 R8d7
30.Rf2 Ra4 31.a3 Ra5 32.Qf6 Rc5 33.Kh2 h5 34.Rf3 Rc4 35.Rc3 Rxc3 36.bxc3 Rd3
37.a4 Rxc3 38.Qd8+ Kg7 39.Qb6 Rc4 40.a5 Ra4 41.Kg3 Ra3+ 42.Kf4 Kh6 43.h4 Ra2
44.Qxb7 Rxa5 45.Qxf7 Ra2 46.Qg8  1-0

[Event "European Blitz 2014"]
[Site "Wroclaw POL"]
[Date "2014.12.19"]
[Round "11.1"]
[White "Anton Guijarro,D"]
[Black "Azarov,S"]
[Result "0-1"]
[WhiteElo "2608"]
[BlackElo "2635"]

1.d4 d5 2.c4 dxc4 3.e4 Nc6 4.Nf3 Bg4 5.Be3 Bxf3 6.gxf3 g6 7.Bxc4 Bg7 8.Bb5 a6
9.Bxc6+ bxc6 10.Qc2 Qd7 11.Nd2 e6 12.Nb3 Ne7 13.Rc1 O-O 14.O-O e5 15.Rfd1 Qh3
16.Qe2 Rad8 17.dxe5 Bxe5 18.f4 Bxb2 19.Rb1 Bg7 20.Bc5 Rxd1+ 21.Rxd1 Re8 22.Rd3 Qh4
23.Qf3 Nd5 24.exd5 cxd5 25.Rxd5 Bh6 26.Be3 Qf6 27.Kg2 Bg7 28.Nc5 Qc6 29.Rd7 Qf6
30.Rxc7 h5 31.Qd5 h4 32.h3  0-1

[Event "European Rapid 2014"]
[Site "Wroclaw POL"]
[Date "2014.12.20"]
[Round "5.20"]
[White "Inarkiev,E"]
[Black "Pohjala,H"]
[Result "1-0"]
[WhiteElo "2680"]
[BlackElo "2399"]

1.d4 d5 2.c4 dxc4 3.e4 Nf6 4.e5 Nd5 5.Bxc4 Nb6 6.Bd3 Nc6 7.Be3 e6 8.Nc3 Bd7
9.a3 a5 10.Nf3 h6 11.Be4 a4 12.O-O Nc4 13.Bf4 g5 14.Qe2 N6a5 15.Be3 Bg7 16.Rad1 g4
17.Ne1 h5 18.Bf4 Bh6 19.Bxh6 Rxh6 20.Nd3 Bc6 21.Bxc6+ Nxc6 22.Nf4 N6a5 23.Ne4 Nb6
24.Nxh5 Qd6  1-0

[Event "Norberto La Porta Cup"]
[Site "Buenos Aires ARG"]
[Date "2014.12.21"]
[Round "9.16"]
[White "Mahia,G"]
[Black "Lopez,Ri"]
[Result "1-0"]
[WhiteElo "2375"]
[BlackElo "2090"]

1.d4 d5 2.c4 dxc4 3.e4 e5 4.d5 Bc5 5.Nc3 Nf6 6.Bxc4 Ng4 7.Nh3 h6 8.O-O Qh4
9.Qf3 Nf6 10.Qg3 Qxg3 11.hxg3 O-O 12.Re1 Nbd7 13.Be3 Bd6 14.f3 Nb6 15.Bb3 Bd7
16.a4 Rfb8 17.Nf2 Nc8 18.Nd3 Be8 19.a5 Kf8 20.Bd1 a6 21.f4 Nd7 22.Bg4 f6
23.Rf1 Ke7 24.Be6 Nf8 25.Bf5 Na7 26.Rf2 Nb5 27.Na4 Rd8 28.Nac5 Rab8 29.Raf1 c6
30.fxe5 Bxe5 31.Nxe5 fxe5 32.Bg4 Bg6 33.Nd3 Nd6 34.Bc5 h5 35.Nxe5 hxg4 36.Rxf8 Bh5
37.Rxd8 Rxd8 38.Nc4 cxd5 39.Nxd6 Rxd6 40.e5  1-0

[Event "World Youth U16 Olympiad"]
[Site "Gyor HUN"]
[Date "2014.12.21"]
[Round "10.1"]
[White "Gledura,B"]
[Black "Asgarizadeh,A"]
[Result "1/2-1/2"]
[WhiteElo "2450"]
[BlackElo "2371"]

1.d4 d5 2.c4 dxc4 3.e4 Nf6 4.e5 Nd5 5.Bxc4 Nb6 6.Bd3 Nc6 7.Be3 Nb4 8.Be4 f5
9.exf6 exf6 10.Nc3 f5 11.Bb1 N4d5 12.Nf3 Nxe3 13.fxe3 Bd6 14.O-O O-O 15.e4 c6
16.a4 fxe4 17.Bxe4 Be6 18.Qc2 h6 19.Rae1 Bf7 20.Kh1 Kh8 21.Bg6 Bc4 22.Bd3 Bg8
23.Ne4 Nd5 24.Nxd6 Qxd6 25.Ne5 Rxf1+ 26.Rxf1 Nb4 27.Qc5 Qxc5 28.Ng6+ Kh7
29.Nf8+ Kh8 30.Ng6+ Kh7  1/2-1/2

[Event "World Youth U16 Olympiad"]
[Site "Gyor HUN"]
[Date "2014.12.21"]
[Round "10.4"]
[White "Song,Michael"]
[Black "Toma,Ra"]
[Result "1/2-1/2"]
[WhiteElo "2257"]
[BlackElo "2255"]

1.d4 d5 2.c4 dxc4 3.e4 Nf6 4.e5 Nd5 5.Bxc4 Nc6 6.Nc3 Nb6 7.Bb5 Bd7 8.Nf3 e6
9.O-O Nb4 10.Be2 Bc6 11.a3 N4d5 12.Bd3 Qd7 13.Qe2 O-O-O 14.Ne4 f5 15.exf6 gxf6
16.b4 a6 17.Bd2 Rg8 18.Rfc1 e5 19.Ng3 Ne7 20.a4 Bxf3 21.Qxf3 Qxd4 22.Bxh7 Rxg3
23.hxg3 Qxd2 24.Rd1 Qh6 25.Be4 c6 26.b5 Rxd1+ 27.Rxd1 axb5 28.axb5 Ned5 29.Qd3 Kc7
30.bxc6 bxc6 31.Qa6 Bc5 32.Qa7+ Kd6 33.Qb8+ Ke6 34.Qe8+ Kd6 35.Qb8+ Ke6 36.Qe8+  1/2-1/2

[Event "European Rapid 2014"]
[Site "Wroclaw POL"]
[Date "2014.12.21"]
[Round "10.6"]
[White "Navara,D"]
[Black "Alekseenko,K"]
[Result "1-0"]
[WhiteElo "2727"]
[BlackElo "2499"]

1.d4 d5 2.c4 dxc4 3.e4 Nf6 4.e5 Nd5 5.Bxc4 Nb6 6.Bd3 Nc6 7.Be3 Be6 8.Nc3 Qd7
9.Ne4 Bd5 10.Nc5 Qc8 11.Nf3 e6 12.Ng5 Nd7 13.Nxd7 Qxd7 14.Nxh7 Bb4+ 15.Kf1 O-O-O
16.Ng5 f6 17.exf6 gxf6 18.Ne4 Qg7 19.f3 f5 20.Nc3 Rhg8 21.Rg1 f4 22.Bf2 Kb8
23.Nxd5 exd5 24.Rc1 Nxd4 25.Qa4 c5 26.a3 Bd2 27.Rxc5 Be3 28.Qb4 Qh8 29.Ba6 b6
30.Rc1 Bxf2 31.Kxf2 Qh4+ 32.Kf1 Nf5 33.Rc6 Ka8 34.Re6 Rge8 35.Qe1 Qh8 36.Rxe8 Rxe8
37.Qc3 Ne3+ 38.Ke2 Nc4+ 39.Kd1 Qxh2 40.Re1 Rxe1+ 41.Qxe1 Ne3+ 42.Kc1 Qxg2
43.Kb1 Qc2+ 44.Ka2 Qa4 45.Qe2 Kb8 46.Qd3 Qd7 47.Qd4 Nf5 48.Qxf4+ Nd6 49.Qe5 Qc6
50.Qe7 Nc8 51.Qd8 Qc7 52.Qxc8+ Qxc8 53.Bxc8 Kxc8 54.Kb3 Kd7 55.Kc3 Ke6 56.Kd4 Kd6
57.a4 a6 58.b4 Ke6 59.f4 b5 60.axb5 axb5 61.Kc5 Kf5 62.Kxd5 Kxf4 63.Kc5  1-0

[Event "3rd Al Ain Chess Classic"]
[Site "Al-Ain UAE"]
[Date "2014.12.23"]
[Round "6.17"]
[White "Malakhatko,V"]
[Black "Gagare,Shar"]
[Result "1-0"]
[WhiteElo "2533"]
[BlackElo "2411"]

1.d4 d5 2.c4 dxc4 3.e4 Nf6 4.e5 Nd5 5.Bxc4 Nb6 6.Bd3 Nc6 7.Be3 Nb4 8.Be4 f5
9.a3 N4d5 10.Bf3 Nxe3 11.fxe3 e6 12.Nc3 Be7 13.Nge2 O-O 14.Qb3 c6 15.Nf4 Nd5
16.Ncxd5 exd5 17.O-O Qb6 18.Qc3 Bd7 19.Nd3 a5 20.b4 Ra7 21.Nc5 Bxc5 22.bxc5 Qd8
23.Rab1 g6 24.Rb2 Kg7 25.Bd1 Qe7 26.Qe1 Be6 27.Rbf2 Raa8 28.a4 Rf7 29.Bc2 Qg5
30.Rf4 Rff8 31.h4 Qe7 32.Qg3 Kh6 33.h5 Qg5 34.Qh2 Kg7 35.R1f3 Qh6 36.Qg3 g5
37.Rf1 Kh8 38.R4f2 Qxh5 39.Bxf5 Bxf5 40.Rxf5 Rxf5 41.Rxf5 Qd1+ 42.Rf1 Qc2
43.Qxg5 Rg8 44.Qf6+ Rg7 45.Qf8+ Rg8 46.Qf2 Qe4 47.Qf3 Qc2 48.Kh2 Rg6 49.e6 Rg8
50.Qf6+ Rg7 51.Qf8+ Rg8 52.Qxg8+ Kxg8 53.e7 Qe4 54.Rf8+  1-0

[Event "52nd Groningen Open"]
[Site "Groningen NED"]
[Date "2014.12.26"]
[Round "5.11"]
[White "Werle,J"]
[Black "Wacker,P"]
[Result "1-0"]
[WhiteElo "2531"]
[BlackElo "2305"]

1.d4 d5 2.c4 dxc4 3.e4 e5 4.Nf3 exd4 5.Bxc4 Bb4+ 6.Nbd2 Nc6 7.O-O Bxd2 8.Bxd2 Nge7
9.Ng5 Ne5 10.Bb3 h6 11.f4 Bg4 12.Qe1 hxg5 13.fxe5 O-O 14.Bxg5 Qd7 15.Qg3 Rae8
16.Rf4 Be6 17.Bf6 Ng6 18.Rh4 Bxb3 19.Qg5 Rxe5 20.Rh8+  1-0

[Event "Lisbon Christmas Op 2014"]
[Site "Lisbon POR"]
[Date "2014.12.27"]
[Round "2.2"]
[White "Sipila,V"]
[Black "Perez Candelario,Man"]
[Result "1-0"]
[WhiteElo "2412"]
[BlackElo "2565"]

1.d4 d5 2.c4 dxc4 3.e4 Nf6 4.e5 Nd5 5.Bxc4 Nb6 6.Bd3 Nc6 7.Be3 Nb4 8.Be4 N4d5
9.Qf3 c6 10.Ne2 Be6 11.Nbc3 Qd7 12.h3 g6 13.Nc1 Bf5 14.Nd3 Bxe4 15.Nxe4 Qf5
16.Rc1 Qxf3 17.gxf3 Rb8 18.h4 h5 19.e6 fxe6 20.Rg1 Bg7 21.Rxg6 Bf6 22.Nxf6+ exf6
23.Ke2 Kf7 24.Rcg1 Rbg8 25.Rxg8 Rxg8 26.Rxg8 Kxg8 27.Nc5 Kf7 28.Nxb7 Ke7
29.Nc5 Nc4 30.Ne4 Nxb2 31.Ng3 Nc4 32.Nxh5 Kf7 33.Kd3 Nd6 34.Ng3 Nb4+ 35.Kc3 Nd5+
36.Kb3 Nb5 37.Ne4 f5 38.a4 Nbc7 39.Nd6+ Kg6 40.Nc8 f4 41.Bd2 a6 42.Na7 Kh5
43.Nxc6 Kxh4 44.Kc2 Kg5 45.Kd3 Kf5 46.a5 Nb5 47.Kc4 Kg5 48.Nb8 Nd6+ 49.Kc5 Nf5
50.Nxa6 Nh4 51.Nb4 Ne7 52.d5 exd5 53.Nxd5 Nc8 54.a6 Nxf3 55.Bxf4+ Kf5 56.Nb6  1-0

[Event "90th Hastings Masters 2014-15"]
[Site "Hastings ENG"]
[Date "2015.01.02"]
[Round "5.2"]
[White "Hawkins,Jo"]
[Black "Edouard,R"]
[Result "0-1"]
[WhiteElo "2552"]
[BlackElo "2659"]

1.d4 d5 2.c4 dxc4 3.e4 Nf6 4.e5 Nd5 5.Bxc4 Nb6 6.Bd3 Nc6 7.Ne2 Bg4 8.f3 Bh5
9.Nbc3 e6 10.Be4 Bg6 11.O-O Be7 12.Be3 Qd7 13.a3 O-O-O 14.Rc1 Kb8 15.Na4 Nxd4
16.Bxd4 Qxa4 17.Rxc7 Bxe4 18.Rxe7 Qxd1 19.Rxd1 Bg6 20.Nf4 Rhf8 21.Kf2 Nc8
22.Nxg6 hxg6 23.Bxa7+ Nxa7 24.Rxf7 Rxf7 25.Rxd8+ Kc7 26.Rd6 Re7 27.Kg3 Nb5
28.Rd2 Rd7 29.Rc2+ Kd8 30.Kg4 Nd4 31.Rf2 Ke7 32.f4 Nc6 33.Rc2 Kf7 34.Kg5 Ne7
35.g3 Nd5 36.h4 Rc7 37.Rd2 Rc1 38.Rd3 Re1 39.Rd2 Re3 40.Kg4 Rb3 41.Re2 Ne3+  0-1

[Event "90th Hastings Masters 2014-15"]
[Site "Hastings ENG"]
[Date "2015.01.02"]
[Round "5.5"]
[White "Bogner,S"]
[Black "Mannion,Stephen R"]
[Result "1-0"]
[WhiteElo "2586"]
[BlackElo "2345"]

1.d4 d5 2.c4 dxc4 3.e4 e5 4.Nf3 exd4 5.Bxc4 Nc6 6.O-O Be6 7.Bb5 Bc5 8.b4 Bb6
9.a4 a6 10.Bxc6+ bxc6 11.a5 Ba7 12.Bb2 Ne7 13.Bxd4 O-O 14.Qd2 Re8 15.Qc3 Bxd4
16.Nxd4 Qd6 17.Na3 Rab8 18.Nac2 f6 19.Rad1 Bf7 20.Rfe1 Rbd8 21.f3 Qe5 22.Ne3 h5
23.Nc4 Qg5 24.Nb2 Rd6 25.Re2 Red8 26.Red2 Ng6 27.Kf1 h4 28.Nc4 R6d7 29.Ne3 Ne5
30.h3 g6 31.Ne2 Rxd2 32.Rxd2 Rxd2 33.Qxd2 Qh6 34.Qd8+ Kg7 35.f4 Nc4 36.Ng4 Qh5
37.Qxf6+ Kf8 38.Qd8+ Kg7 39.Qd4+ Kf8 40.Kf2 Nd6 41.Nc3 Nb5 42.Qd8+ Kg7 43.Qf6+  1-0

[Event "90th Hastings Masters 2014-15"]
[Site "Hastings ENG"]
[Date "2015.01.03"]
[Round "6.8"]
[White "Flear,G"]
[Black "Sengupta,D"]
[Result "0-1"]
[WhiteElo "2460"]
[BlackElo "2566"]

1.d4 d5 2.c4 dxc4 3.e4 Nf6 4.e5 Nd5 5.Bxc4 Nb6 6.Bd3 Nc6 7.Be3 Be6 8.Nf3 Qd7
9.Nbd2 Nb4 10.Be4 Bf5 11.O-O N4d5 12.Qc2 e6 13.Bxf5 exf5 14.Nb3 c6 15.Rae1 O-O-O
16.Bd2 g6 17.Nc5 Bxc5 18.dxc5 Na8 19.Ba5 Rde8 20.g3 Kb8 21.Re2 f4 22.Qb3 Nac7
23.Bxc7+ Qxc7 24.Rfe1 Re7 25.Nd4 Rhe8 26.e6 fxe6 27.Nxe6 Qa5 28.gxf4 Nc7
29.f5 gxf5 30.Nxc7 Rxe2 31.Rxe2 Rxe2 32.Qg8+ Kxc7 33.Qxh7+ Kd8 34.Qxf5 Qe1+
35.Kg2 Re8 36.Qd3+ Kc8  0-1

[Event "Hohlov Mem 2015"]
[Site "Balti MDA"]
[Date "2015.01.05"]
[Round "7"]
[White "Bodnar,N"]
[Black "Coset,A"]
[Result "1-0"]
[WhiteElo "2437"]
[BlackElo "2241"]

1.d4 d5 2.c4 dxc4 3.e4 Nc6 4.Be3 e5 5.d5 Nce7 6.Bxc4 a6 7.Qb3 Qd6 8.Nc3 Ng6
9.Nf3 Be7 10.O-O Nf6 11.Bd3 O-O 12.Na4 b6 13.Rac1 Bd7 14.a3 Nh5 15.g3 Rfc8
16.Rc2 Qf6 17.Be2 h6 18.Ne1 Nhf4 19.gxf4 exf4 20.Bd2 Nh4 21.Kh1 f3 22.Bd1 Bh3
23.Rg1 Bg2+ 24.Nxg2 fxg2+ 25.Rxg2 Nxg2 26.Kxg2 Qg6+ 27.Kh1 Qxe4+ 28.Bf3 Qh4
29.Kg2 Bd6 30.h3 Qf6 31.Qd3 Qe5 32.Kf1 Re8 33.Nc3 Qh2 34.Bg2 a5 35.Ne4 Re7
36.Nxd6 Qxd6 37.Qg3 Qxg3 38.fxg3 Rd8 39.Bf4 Rdd7 40.h4 f5 41.Rc6  1-0

[Event "20th Bosnjaci Open"]
[Site "Bosnjaci CRO"]
[Date "2015.01.08"]
[Round "8.4"]
[White "Zaja,I"]
[Black "Leventic,I"]
[Result "0-1"]
[WhiteElo "2480"]
[BlackElo "2451"]

1.d4 d5 2.c4 dxc4 3.e4 c5 4.d5 Nf6 5.Nc3 b5 6.Bf4 Ba6 7.e5 b4 8.exf6 bxc3
9.bxc3 exf6 10.Rb1 Bd6 11.Qe2+ Kf8 12.Qe4 Qe7 13.Bxd6 Qxd6 14.Bxc4 Nd7 15.Ne2 f5  0-1

[Event "XYChess January IM 2015"]
[Site "Sliema MLT"]
[Date "2015.01.09"]
[Round "1.1"]
[White "Oliveira,C"]
[Black "Ekstroem,R"]
[Result "0-1"]
[WhiteElo "2075"]
[BlackElo "2396"]

1.d4 d5 2.c4 dxc4 3.e4 Nf6 4.Nc3 e5 5.Bxc4 exd4 6.e5 Qe7 7.Nf3 dxc3 8.O-O Ne4
9.Qa4+ Nd7 10.e6 fxe6 11.Re1 Nc5 12.Qc2 Nb6 13.Bg5 Qf7 14.Rad1 Bd6 15.b4 O-O
16.bxc5 Nxc4 17.Qxc3 e5 18.cxd6 cxd6 19.Bh4 h6 20.Nd2 Be6 21.Nxc4 Rac8 22.Nxd6 Rxc3
23.Nxf7 Rxf7 24.Rxe5 Bxa2 25.Ra5 Bb3 26.Rb1 b6 27.Ra3 Bc2 28.Rxc3 Bxb1 29.f3 Rb7
30.Be1 Ba2 31.g4 a5 32.Ra3 Bc4 33.Ra4 Bb3 34.Rd4 a4 35.Bb4 Ra7 36.Ba3 Rc7
37.Rd2 b5 38.Kg2 Kf7 39.Kg3 Be6 40.h4 Rc3 41.Bb4 Rb3 42.Bc5 g5 43.hxg5 hxg5
44.Rd6 Bc4 45.Rd7+ Ke8 46.Rg7 Kd8 47.Rxg5 b4 48.Rg8+ Bxg8  0-1

[Event "TCh-NOR Elite 2014-15"]
[Site "Norway NOR"]
[Date "2015.01.11"]
[Round "6.5"]
[White "Strand,H"]
[Black "Kvisvik,B"]
[Result "1/2-1/2"]
[WhiteElo "2154"]
[BlackElo "2275"]

1.d4 d5 2.c4 dxc4 3.e4 Nf6 4.e5 Nd5 5.Bxc4 Nc6 6.Nc3 Be6 7.Bb3 Na5 8.Ba4+ c6
9.Nf3 g6 10.Ng5 Nxc3 11.bxc3 Bc4 12.Qf3 f6 13.exf6 exf6 14.Ne4 f5 15.Nd2 Qe7+
16.Kd1 Bd5 17.Qd3 O-O-O 18.Re1 Qf7 19.Nf3 Bxf3+ 20.Qxf3 Qc4 21.Bc2 Bg7 22.Bd3 Qf7
23.Bf4 Rhe8 24.Bg3 Bh6 25.Bh4 Rxe1+ 26.Kxe1 Re8+ 27.Kf1 Nc4 28.Kg1 Nd2 29.Qd1 Ne4
30.Qc2 Nd6 31.c4 Bg7 32.c5 Ne4 33.Bc4 Qd7 34.Rd1 g5 35.f3 gxh4 36.fxe4 Bxd4+
37.Kh1 Rxe4 38.Bd3 Re5 39.Rf1 Rxc5 40.Qxc5 Bxc5 41.Bxf5 h6 42.Bxd7+ Kxd7
43.Rf7+ Kc8 44.Rh7 Be3 45.Re7 Bg5 46.Rf7 Be3 47.Re7 Bg5 48.Rf7 Be3  1/2-1/2

[Event "TCh-CZE Extraliga 2014-15"]
[Site "Prague CZE"]
[Date "2015.01.11"]
[Round "6.1"]
[White "Sasikiran,K"]
[Black "Landa,K"]
[Result "1/2-1/2"]
[WhiteElo "2682"]
[BlackElo "2645"]

1.d4 d5 2.c4 dxc4 3.e4 e5 4.Nf3 exd4 5.Bxc4 Nc6 6.O-O Bc5 7.Qb3 Qe7 8.Bg5 f6
9.Bh4 g5 10.Bg3 Nh6 11.e5 f5 12.h3 Bb6 13.e6 O-O 14.Nxg5 Na5 15.Qa3 c5 16.Bd5 f4
17.Nf7 Nf5 18.Bxf4 Bxe6 19.Re1 Ng7 20.Nh6+ Kh8 21.Qg3 Qf6 22.Bg5 Qg6 23.Be4 Qh5
24.Nd2 Rac8  1/2-1/2

[Event "13th Parsvnath Open"]
[Site "New Delhi IND"]
[Date "2015.01.16"]
[Round "10.17"]
[White "Neverov,V"]
[Black "Murali Krishnan,B"]
[Result "1-0"]
[WhiteElo "2501"]
[BlackElo "2283"]

1.d4 d5 2.c4 dxc4 3.e4 c5 4.d5 Nf6 5.Nc3 e6 6.Bxc4 exd5 7.Nxd5 Nxd5 8.Bxd5 Be7
9.Ne2 O-O 10.O-O Nd7 11.Nc3 Nb6 12.Bf4 Nxd5 13.Nxd5 Bd6 14.Qf3 Bxf4 15.Qxf4 Be6
16.Rad1 Rc8 17.Rfe1 Re8 18.Re3 b5 19.h4 c4 20.Rg3 Kh8 21.Nc3 Qb6 22.Qg5 Rg8
23.Qxb5 Qxb5 24.Nxb5 Rb8 25.Nc7 Rxb2 26.Nxe6 fxe6 27.Rc3 Rxa2 28.Rxc4 h6
29.Rc7 Rf8 30.f3 Rf4 31.Rd8+ Kh7 32.Rdd7 Ra1+ 33.Kf2 Ra2+ 34.Kg3 Rf6 35.h5 Ra5
36.Rxg7+ Kh8 37.Rh7+ Kg8 38.Rcg7+ Kf8 39.Rxa7 Rxa7 40.Rxa7 Kg8 41.Kg4  1-0

[Event "53rd TCh-DEN Ex 2014-15"]
[Site "Copenhagen DEN"]
[Date "2015.01.25"]
[Round "6.4"]
[White "Pilgaard,K"]
[Black "Wiwe,A"]
[Result "1/2-1/2"]
[WhiteElo "2400"]
[BlackElo "2301"]

1.d4 d5 2.c4 dxc4 3.e4 Nf6 4.e5 Nd5 5.Bxc4 Nb6 6.Bd3 Nc6 7.Be3 Nb4 8.Be4 f5
9.exf6 exf6 10.Nc3 f5 11.Bb1 Bd6 12.Nf3 O-O 13.O-O N4d5 14.Qb3 c6 15.Re1 Kh8
16.Bd2 Qf6 17.Nxd5 Nxd5 18.Bd3 a5 19.a4 Bb4 20.Bxb4 Nxb4 21.Bc4 f4 22.Ne5 Bf5
23.Re2 h6 24.Rae1 Kh7 25.h3 Rad8 26.Nf3 Kh8 27.Qc3 b6 28.Re5 Rd6 29.R1e2 Rdd8
30.Qd2 Bc8 31.Qc1 Bd7 32.Re7 Bc8 33.Qe1 Bf5 34.Qd2 Bc8 35.Ne5 Nd5 36.Bxd5 Rxd5
37.Qc3 c5 38.dxc5 Rxc5 39.Qd4 Kg8 40.Nf3 Qxd4 41.Nxd4 Rc1+  1/2-1/2

[Event "Fraubundesliga 2014-15"]
[Site "Germany GER"]
[Date "2015.01.25"]
[Round "7.1"]
[White "Batsiashvili,N"]
[Black "Schleining,Z"]
[Result "1-0"]
[WhiteElo "2426"]
[BlackElo "2354"]

1.d4 d5 2.c4 dxc4 3.e4 e5 4.Nf3 exd4 5.Bxc4 Nc6 6.O-O Bc5 7.Nbd2 Bb6 8.b4 Nf6
9.a4 a5 10.b5 Nb4 11.Nb3 Be6 12.Bxe6 fxe6 13.e5 Ne4 14.Nfxd4 Nc3 15.Qh5+ g6
16.Qg4 Qd5 17.Be3 O-O 18.Qxe6+ Qxe6 19.Nxe6 Bxe3 20.Nxf8 Nc2 21.Nd7 Ne2+
22.Kh1 Nxa1 23.Rxa1 Bxf2 24.Ra2 Nd4 25.Rxf2 Nxb3 26.e6 Kg7 27.Rf7+ Kh6 28.e7  1-0

[Event "Turkish Cup 2015"]
[Site "Manavgat TUR"]
[Date "2015.02.04"]
[Round "7.45"]
[White "Bulgurlu,Okan"]
[Black "Simsek,Hakki Kaan"]
[Result "1-0"]
[WhiteElo "1966"]
[BlackElo "1824"]

1.d4 d5 2.c4 dxc4 3.e4 Nf6 4.e5 Nd5 5.Bxc4 Nc6 6.Nf3 Bf5 7.a3 e6 8.Nc3 Nb6
9.Bd3 Bxd3 10.Qxd3 Qd7 11.Be3 O-O-O 12.O-O-O f6 13.Qc2 Kb8 14.Kb1 Na5 15.Ne4 Nac4
16.exf6 Qb5 17.Ka1 Na4 18.Bc1 Nd6 19.Nc5 Nxc5 20.dxc5 Nf7 21.Ne5 Nd6 22.cxd6 cxd6
23.Nf7 Rc8 24.Qb1 Rg8 25.Qxh7  1-0

[Event "Turkish Cup 2015"]
[Site "Manavgat TUR"]
[Date "2015.02.05"]
[Round "9.176"]
[White "Durak,Behzat"]
[Black "Yigit,Sedat"]
[Result "0-1"]
[WhiteElo "1642"]
[BlackElo "1426"]

1.d4 d5 2.c4 dxc4 3.e4 Nc6 4.Nf3 Bg4 5.d5 Bxf3 6.Qxf3 Ne5 7.Qc3 Qd6 8.Be3 Nf6
9.f3 b5 10.Bd4 Ned7 11.Be2 g6 12.e5 Nxe5 13.Bxe5 Nxd5 14.Bxd6 Nxc3 15.Nxc3 cxd6
16.Nxb5 Rb8 17.Bxc4 Bg7 18.Nc7+ Kd7 19.Nb5 a6 20.Nc3 Rxb2 21.Ne2 Rc8 22.Bb3 Rxb3
23.axb3 Bxa1 24.O-O Bg7 25.Rb1 Rc2 26.Ng3 Rb2 27.Ra1 Bd4+ 28.Kh1 Rxb3 29.Rd1 Bc5
30.Ne4 Kc6 31.Ng5 a5 32.Nxf7 a4 33.Nd8+ Kb5 34.h4 a3 35.Ra1 Rb4 36.g3 Rb2
37.Ne6 a2 38.Rxa2 Rxa2  0-1

[Event "Turkish Cup 2015"]
[Site "Manavgat TUR"]
[Date "2015.02.07"]
[Round "11.90"]
[White "Gulenc,A"]
[Black "Kocyigit,Buse Naz"]
[Result "1-0"]
[WhiteElo "1846"]
[BlackElo "1391"]

1.d4 d5 2.c4 dxc4 3.e4 e5 4.d5 Nf6 5.Nc3 c6 6.Bxc4 b5 7.Bd3 b4 8.Nce2 cxd5
9.Bg5 Bb7 10.Rc1 a6 11.Ng3 h6 12.Bxf6 Qxf6 13.exd5 Bxd5 14.Rc8+ Ke7 15.Be4 Bxe4
16.Nxe4 Qb6 17.Nf3 g6 18.Nxe5 Bg7 19.Rxb8 Rd8 20.Qxd8+ Qxd8 21.Nc6+  1-0

[Event "Turkish Cup 2015"]
[Site "Manavgat TUR"]
[Date "2015.02.07"]
[Round "11.87"]
[White "Kilic,Cihan"]
[Black "Simsek,Hakki Kaan"]
[Result "1/2-1/2"]
[WhiteElo "1603"]
[BlackElo "1824"]

1.d4 d5 2.c4 dxc4 3.e4 Nf6 4.e5 Nd5 5.Bxc4 Nb6 6.Bd3 Nc6 7.Be3 Be6 8.Nc3 Qd7
9.Nf3 O-O-O 10.O-O Bg4 11.Be4 f5 12.Bxc6 Qxc6 13.a4 Bxf3 14.Qxf3 Qxf3 15.gxf3 e6
16.f4 Nd5 17.Rac1 Be7 18.Ne2 Kb8 19.Kh1 Bh4 20.Ng1 g6 21.Nf3 Be7 22.h4 Nb4
23.Rg1 Kc8 24.h5 gxh5 25.Rg7 Nd5 26.Rcg1 h6 27.R1g6 Bf8 28.Rf7 Rd7 29.Rxd7 Kxd7
30.Ng1 Ne7 31.Rg2 Rg8 32.Rh2 Nd5  1/2-1/2

[Event "TCh-FIN 2014-15"]
[Site "Finland FIN"]
[Date "2015.02.08"]
[Round "8.1"]
[White "Shirov,A"]
[Black "Sulskis,S"]
[Result "1-0"]
[WhiteElo "2701"]
[BlackElo "2541"]

1.d4 d5 2.c4 dxc4 3.e4 b5 4.a4 c6 5.axb5 cxb5 6.Nc3 a6 7.Nxb5 axb5 8.Rxa8 Bb7
9.Ra1 e6 10.f3 f5 11.Nh3 fxe4 12.fxe4 Nf6 13.Ng5 Bb4+ 14.Bd2 Bxd2+ 15.Qxd2 O-O
16.Nxe6 Qe7 17.Nxf8 Nxe4 18.Qc2 Bd5 19.Be2 Qh4+ 20.Kd1 Nc6 21.Ne6 Nf2+ 22.Kc1 Na5
23.Nc5 Nxh1 24.Qc3 Nc6 25.Bf3  1-0

[Event "TCh-HUN 2014-15"]
[Site "Hungary HUN"]
[Date "2015.02.08"]
[Round "6.1"]
[White "Bakos,B"]
[Black "Mayer,I"]
[Result "1-0"]
[WhiteElo "2390"]
[BlackElo "2079"]

1.d4 d5 2.c4 dxc4 3.e4 a6 4.a4 Nf6 5.e5 Nd5 6.Bxc4 e6 7.Nf3 Bb4+ 8.Bd2 c5
9.O-O Nc6 10.dxc5 Bxc5 11.Qe2 Nd4 12.Nxd4 Bxd4 13.Rd1 Qh4 14.Bxd5 exd5 15.Bc3 Bg4
16.Rxd4  1-0

[Event "Elite Hotels Vaxjo Open"]
[Site "Vaxjo SWE"]
[Date "2015.02.13"]
[Round "2.11"]
[White "Sjodahl,P"]
[Black "Sevastianov,Andrii"]
[Result "1-0"]
[WhiteElo "2428"]
[BlackElo "2071"]

1.d4 d5 2.c4 dxc4 3.e4 Nc6 4.Nf3 Bg4 5.Bxc4 e6 6.d5 exd5 7.Bxd5 Qf6 8.Nc3 Bb4
9.h3 Bxf3 10.Qxf3 Nd4 11.Qd1 c6 12.Bc4 Rd8 13.O-O Ne7 14.a3 Bxc3 15.bxc3 Nb5
16.Qb3 Nd6 17.Bd3 O-O 18.Be3 b6 19.Rad1 Qh4 20.Qc2 h6 21.e5 Nc4 22.Bc1 Nxe5
23.Be2 N7g6 24.Qf5 c5 25.f4 Nc6 26.Bc4 Nce7 27.Bxf7+ Kh8 28.Qe6 Qg3 29.Rxd8 Rxd8
30.Qg4 Qxg4 31.hxg4 Rf8 32.Bc4 Nc6 33.g3 Rd8 34.Kg2 Nge7 35.g5 hxg5 36.Rh1+  1-0

[Event "TCh-LTU 2015"]
[Site "Lithuania LTU"]
[Date "2015.02.14"]
[Round "3.1"]
[White "Sakalauskas,V"]
[Black "Beinoras,M"]
[Result "1/2-1/2"]
[WhiteElo "2384"]
[BlackElo "2365"]

1.d4 d5 2.c4 dxc4 3.e4 e5 4.Nf3 exd4 5.Bxc4 Bb4+ 6.Bd2 Bxd2+ 7.Nbxd2 Nc6
8.O-O Qf6 9.Re1 Nge7 10.Nb3 Bg4 11.e5 Qf4 12.Qd2 Qxd2 13.Nfxd2 Rd8 14.h3 Bc8
15.Nf3 O-O 16.Rad1 a6 17.a4 Nd5 18.Nbxd4 Nxd4 19.Rxd4 Nb6 20.Bb3 Be6 21.Bxe6 fxe6
22.a5 Nd5 23.Ng5 Nf4 24.Rxf4 Rxf4 25.Nxe6 Rff8 26.Nxd8 Rxd8 27.Re4 Rd5 28.e6 Kf8
29.Rf4+ Ke7 30.Rf7+ Kxe6 31.Rxc7 Kf6 32.Rxb7 Rxa5 33.g4 h6 34.Kg2 Ra1 35.f4 a5
36.h4 a4 37.Rb6+ Kf7 38.g5 hxg5 39.fxg5 g6 40.Rf6+ Kg7 41.Ra6 Ra2 42.Ra7+ Kf8
43.Kf3 Rxb2 44.Rxa4 Rb6 45.Ke4 Ke7 46.Kf4 Ke6 47.Re4+ Kf7 48.Ra4 Ke6 49.Kg4 Kf7
50.Rf4+ Kg7 51.Ra4 Kf7 52.Ra7+ Kf8 53.Kf4 Rb5 54.Rd7 Kg8 55.Ke4 Rb4+ 56.Rd4 Rb5
57.Ra4 Kf7 58.Kf4 Kg7 59.Ra7+ Kg8 60.Re7 Rf5+ 61.Ke4 Ra5 62.Re6 Kg7 63.Re7+ Kg8
64.Rd7 Ra4+ 65.Ke5 Rxh4 66.Kf6 Ra4 67.Rg7+ Kh8 68.Re7 Kg8 69.Re6 Kh7 70.Re7+ Kg8
71.Re1 Kh7 72.Re7+ Kg8 73.Kxg6 Ra6+  1/2-1/2